000 00522nam a22001931c 4500
001 17949368x
008 160413s1950 gw |||| 000u ger d
041 _ager
100 1 _aVietsch, Eberhard von von
245 0 4 _aDie Tradition der grossen Mächte /
_cEberhard von Vietsch
250 _a1. - 4. Tsd.
264 _aStuttgart :
_bUnion Deutsche Verlagsgesellschaft,
_c1950
300 _a303 S.
650 0 _aGeistesgeschichte
650 0 _aWeltpolitik
942 _cMG
040 _cRU-10907106
003 RU-10907106
999 _c39107
_d39107